000 00578nam a2200229Ia 4500
003 OSt
005 20250901185240.0
008 210423s2012 xx 000 0 und d
020 _a978-0-393-08877-9
040 _cAL
041 _aEnglish
082 _a330.973
_bKRUE
100 _aPaul Krugman
_9102213
245 _aEnd this depression now
260 _aNew York
_bW W Norton & Co.
_c2012
300 _axii,259p
_bHB
365 _b1579.34
_cINR
650 _aEconomics
_9102214
650 _aEconomics
_9102214
906 _adepression ; End ; now
942 _2ddc
_cBK
999 _c165810
_d165810